00250nam a22000977a 4500082001500000245004700015260003300062300001200095526003700107650000800144 a973.7bWIL aThe wilderness spotsylvania and cod harbor aLondonbBugh Rees, Ltdc1908 a150 p.: a0b0c0d973_700000000000000_WIL aMCE